| 000 | 01020pam a2200277 a 4500 | ||
|---|---|---|---|
| 001 | 4435359 | ||
| 003 | OSt | ||
| 005 | 20140310182149.0 | ||
| 008 | 941122s1995 njua b 001 0 eng | ||
| 010 | _a 94045493 | ||
| 020 | _a1560794623 | ||
| 040 |
_aDLC _cDLC _dDLC |
||
| 050 | 0 | 0 |
_aT 339 _b.R93 1995 |
| 082 | 0 | 0 |
_aHS 608.0688 _bR93 1995 |
| 100 | 1 |
_aRyder, Judy. _915651 |
|
| 245 | 1 | 0 |
_aTurning your great idea into a great success : _bentrepreneur Judy Ryder tells how to develop, license, protect & promote your product idea / _cJudy Ryder. |
| 260 |
_aPrinceton, N.J. : _bPeterson's/Pacesetter Books _cc1995. |
||
| 300 |
_a250 p. : _bill. ; _c23 cm. |
||
| 500 | _aIncludes bibliographical references (p. 241-243) and index. | ||
| 650 | 0 |
_aInventions. _92048 |
|
| 650 | 0 |
_aInventions _xMarketing. _915652 |
|
| 906 |
_a7 _bcbc _corignew _d1 _eocip _f19 _gy-gencatlg |
||
| 942 |
_2lcc _cHS |
||
| 999 |
_c9975 _d9975 |
||